000 01118nam a2200229Ia 4500
001 20220
003 GE_BSU
008 181216s||||||||xx |||||||||||||| ||und||
040 _cGE_BSU
080 _a025.3
245 _aსაბიბლიოთეკო დოკუმენტების ანალიტიკური ბიბლიოგრაფიული აღწერილობა.
245 _bმეთოდურ-ინსტრუქციული წერილი
245 _cშემდგ. მარიკა კალანდარიშვილი. რედ. გურამ თაყნიაშვილი
250 _aსაქ. პარლამენტის ეროვნული ბიბლ-კა
260 _aთბილისი
260 _c2007
300 _a20გვ.
541 _h2ლ.40თ.
653 _aსაბიბლიოთეკო დოკუმენტების ანალიტიკური ბიბლიოგრაფიული აღწერილობა.
653 _aქსეროქსი
942 _cBK
999 _c53179
_d53179